01015nas a2200277Ia 4500001001600000003001000016008004100026040002500067041001300092100003100105210002100136222002100157245005600178250001100234260000900245501012300254300001400377362001600391500005000407650003400457700002200491942000700513957000600520999003300526952017800559A05/R055-51269 IT-MiCISF161014c99999999xx |||||||||||| ||und|| aIT-MiCISFcIT-MiCISF aITALIANO aBruno Voena Maria Cristina aMinori giustizia aMinori giustizia 0aI passaggi dei figli nelle separazioni conflittuali a1a ed. c2011 bCISF - Centro Internazionale Studi Famiglia - Via Giotto, 36 20145 MILANO (non commercial uses only)cCopyright 2016 app. 51-59 an. 2 [2011] a Tema: divorzio, figli-divorzio, legislazione aFAMIGLIA - divorziovarticolo a Confente Assunta cCR 71 a51269bSig1c232162d232162 0010406A_05_000000000000000_R0555126971aCISFbCISFd2016-10-14l0oA05/R055-51269 r2016-10-14 00:00:00w2016-10-14yCRzData import 15.10.2016 / by Epidotti, Vaglietti